| 000 | 00734nam a2200289Ia 4500 | ||
|---|---|---|---|
| 008 | 160803s9999 xx 000 0 und d | ||
| 020 | _a978-0439388818 | ||
| 100 | _aMartin, Ann M. | ||
| 245 | 2 | _aA corner of the universe / | |
| 245 | _cAnn M. Martin. | ||
| 260 | _aNew York : | ||
| 260 | _bScholastic Inc. | ||
| 260 | _c2002 | ||
| 300 | _axi, 189 pages ; | ||
| 300 | _c22 cm | ||
| 650 | _aFamilies -- | ||
| 650 | _aFamily life -- | ||
| 650 | _aFriendship -- | ||
| 650 | _aPeople with mental disabilities -- | ||
| 650 | _aUncles -- | ||
| 650 | _xFiction. | ||
| 650 | _xJuvenile fiction. | ||
| 650 | _xJuvenile fiction. | ||
| 650 | _xJuvenile fiction. | ||
| 650 | _xJuvenile fiction. | ||
| 700 | _a750 | ||
| 999 |
_c298381 _d298381 |
||